North American Capitals - Statistics

General Stats
  • This quiz has been taken 122 times
  • The average score is 13 of 41
Answer Stats
NA CAPITAL % Correct
Canada Ottawa
82%
Mexico Mexico City
79%
Jamaica Kingston
78%
Saint Vincent and the Grenadines Kingstown
78%
United States of America Washington D.C.
78%
Cuba Havana
75%
Panamá Panamá City
66%
Haiti Port-au-Prince
63%
El Salvador San Salvador
63%
Guatemala Guatemala City
58%
Bahamas Nassau
58%
Costa Rica San José
53%
Dominican Republic Santo Domingo
53%
Antigua and Barbuda Saint John's
51%
Belize Belmopan
45%
Nicaragua Managua
43%
Grenada Saint George's
42%
Barbados Bridgetown
38%
Honduras Tegucigalpa
38%
Saint Lucia Castries
34%
Dominica Roseau
34%
Puerto Rico San Juan
30%
Quebec Quebec City
29%
Cayman Islands George Town
18%
Guadeloupe Bassa-Terre
11%
Saint Kitts and Nevis Bassaterre
11%
Anguilla The Valley
5%
Prince Edward Island Charlottetown
4%
Bermuda Hamilton
4%
British Virgin Islands Road Town
4%
San Andrés y Providencia San Andrés
4%
U.S Virgin Islands Charlotte Amalie
3%
Turks and Caicos Islands Cockburn Town
3%
Montserrat Plymouth
3%
Saint Pierre and Miquelon Saint-Pierre
3%
Saba The Bottom
3%
Martinique Fort-de-France
1%
Saint Barthélemy Gustavia
1%
Saint Martin Marigot
1%
Sint Eustatius Oranjestad
1%
Sint Maarten Philipsburg
1%
No matching quizzes found
Score Distribution
Percent of People with Each Score
Percentile by Number Answered
Your Score History
You have not taken this quiz